Battle-wise : (Record no. 589436)

000 -LEADER
fixed length control field 00747 a2200193 4500
003 - CONTROL NUMBER IDENTIFIER
control field Nust
005 - DATE AND TIME OF LATEST TRANSACTION
control field 20220428094522.0
022 ## - INTERNATIONAL STANDARD SERIAL NUMBER
International Standard Serial Number 1579060722
038 ## - RECORD CONTENT LICENSOR
Staff Name Muhammad Ibrahim
040 ## - CATALOGING SOURCE
Transcribing agency Nust
082 ## - DEWEY DECIMAL CLASSIFICATION NUMBER
Classification number 355.3
Author Mark GOM 2014
100 ## - MAIN ENTRY--PERSONAL NAME
Personal name Gompert, David C.
9 (RLIN) 91255
245 ## - TITLE STATEMENT
Title Battle-wise :
Remainder of title seeking time-information superiority in networked warfare
Medium David C. Gompert, Irving Lachow, and Justin Perkins
260 ## - PUBLICATION, DISTRIBUTION, ETC.
Place of publication, distribution, etc. Services Book Club
Name of publisher, distributor, etc. GHQ Rawalpindi
Date of publication, distribution, etc. 2014
300 ## - PHYSICAL DESCRIPTION
Extent 174 p
563 ## - BINDING INFORMATION
Binding note P.B
650 ## - SUBJECT ADDED ENTRY--TOPICAL TERM
Topical term or geographic name entry element Command and control systems --United States.
Location of event Information warfare --United States.
General subdivision Operational art (Military science)
Chronological subdivision Computer networks --United States.
Geographic subdivision Military art and science --Automation
9 (RLIN) 91256
942 ## - ADDED ENTRY ELEMENTS (KOHA)
Source of classification or shelving scheme
Koha item type Book
Holdings
Withdrawn status Lost status Source of classification or shelving scheme Damaged status Not for loan Permanent Location Current Location Shelving location Date acquired Total Checkouts Full call number Barcode Date last seen Price effective from Koha item type
          Centre for International Peace & Stability (CIPS) Centre for International Peace & Stability (CIPS) General Stacks 04/14/2022   355.3 GOM 2014 CIPSD0000713 04/28/2022 04/28/2022 Book
© 2023 Central Library, National University of Sciences and Technology. All Rights Reserved.